|
|
|
|
| LEADER |
00735cam a2200229 7i4500 |
| 001 |
0000023897 |
| 005 |
20170218090000.0 |
| 020 |
|
|
|a 0192590200
|
| 040 |
|
|
|a DLC
|
| 050 |
0 |
0 |
|a HB171 LIP 1995
|
| 090 |
0 |
0 |
|a HB171
|b .L57 1995
|
| 100 |
1 |
|
|a Lipsey, Richard G.,
|d 1928-
|
| 245 |
1 |
3 |
|a An introduction to positive economics
|c Richard G. Lipsey, K. Alec Chrystal.
|
| 250 |
|
|
|a 8th ed.
|
| 260 |
|
|
|a New York:
|b Oxford University Press,
|c 1995.
|
| 300 |
|
|
|a xxiv, 919 p.:
|b ill.;
|c 26 cm.
|
| 500 |
|
|
|a Includes index
|
| 650 |
0 |
0 |
|a Economics
|
| 700 |
1 |
|
|a Chrystal, K. Alec
|
| 997 |
|
|
|a Business & Accountancy, Faculty
|
| 999 |
|
|
|a 0000023455
|b BOK
|c OPEN SHELF
|e 1st Floor, Shah Alam
|
| 999 |
|
|
|a 0000028344
|b BOK
|c OPEN SHELF
|e 1st Floor, Shah Alam
|